<?xml version="1.0" encoding="UTF-8"?><?xml-stylesheet type="text/xsl" href="static/style.xsl"?><OAI-PMH xmlns="http://www.openarchives.org/OAI/2.0/" xmlns:xsi="http://www.w3.org/2001/XMLSchema-instance" xsi:schemaLocation="http://www.openarchives.org/OAI/2.0/ http://www.openarchives.org/OAI/2.0/OAI-PMH.xsd"><responseDate>2026-04-18T06:42:37Z</responseDate><request verb="GetRecord" identifier="oai:www.recercat.cat:2072/468980" metadataPrefix="marc">https://recercat.cat/oai/request</request><GetRecord><record><header><identifier>oai:recercat.cat:2072/468980</identifier><datestamp>2026-03-28T08:47:41Z</datestamp><setSpec>com_2072_98</setSpec><setSpec>col_2072_378192</setSpec></header><metadata><record xmlns="http://www.loc.gov/MARC21/slim" xmlns:dcterms="http://purl.org/dc/terms/" xmlns:xsi="http://www.w3.org/2001/XMLSchema-instance" xmlns:doc="http://www.lyncode.com/xoai" xsi:schemaLocation="http://www.loc.gov/MARC21/slim http://www.loc.gov/standards/marcxml/schema/MARC21slim.xsd">
   <leader>00925njm 22002777a 4500</leader>
   <datafield ind2=" " ind1=" " tag="042">
      <subfield code="a">dc</subfield>
   </datafield>
   <datafield ind2=" " ind1=" " tag="720">
      <subfield code="a">Huguet, María</subfield>
      <subfield code="e">author</subfield>
   </datafield>
   <datafield ind2=" " ind1=" " tag="720">
      <subfield code="a">Navarro Ferrando, José Tomás</subfield>
      <subfield code="e">author</subfield>
   </datafield>
   <datafield ind2=" " ind1=" " tag="720">
      <subfield code="a">Moltó, José</subfield>
      <subfield code="e">author</subfield>
   </datafield>
   <datafield ind2=" " ind1=" " tag="720">
      <subfield code="a">Ribera, Jose-Maria</subfield>
      <subfield code="e">author</subfield>
   </datafield>
   <datafield ind2=" " ind1=" " tag="720">
      <subfield code="a">Tapia, Gustavo</subfield>
      <subfield code="e">author</subfield>
   </datafield>
   <datafield ind2=" " ind1=" " tag="720">
      <subfield code="a">Universitat Autònoma de Barcelona</subfield>
      <subfield code="e">author</subfield>
   </datafield>
   <datafield ind2=" " ind1=" " tag="260">
      <subfield code="c">2023</subfield>
   </datafield>
   <datafield ind2=" " ind1=" " tag="520">
      <subfield code="a">Non-Hodgkin lymphoma (NHL) is one of the most frequent HIV-related neoplasms, and diffuse large B-cell lymphoma (DLBCL) is the most common subtype. In people with HIV (PWH), DLBCL classically presents with aggressive characteristics. As in the general population, HIV-related DLBCL is a heterogeneous disease that includes morphological and molecular subtypes. When combined antiretroviral therapy (cART) became widely available, a strong improvement of the immune function and a better management of infectious complications during lymphoma treatment were observed in PWH with lymphoma. Moreover, the concomitant treatment of cART with chemotherapy was shown to be beneficial. These changes have led to a marked improvement in prognosis for PWH with DLBCL, approaching that of the general population. Despite the widespread use of combined antiretroviral therapy (cART) and the subsequent decrease in AIDS-defining cancers, HIV-related lymphomas remain a leading cause of morbidity and mortality in people with HIV (PWH). Diffuse large B-cell lymphoma (DLBCL) is the most common non-Hodgkin lymphoma (NHL) subtype in PWH. This lymphoma is a heterogeneous disease including morphological variants and molecular subtypes according to the cell of origin or the mutation profile. In the pre-cART era, treatment with standard-dose chemotherapy induced high rates of toxicity and outcomes were very poor. The introduction of cART and the incorporation of infection prophylaxis allowed the use of conventional intensive chemotherapy regimens used in the general population, such as R-CHOP or R-EPOCH. The use of cART during chemotherapy treatment was initially controversial due to the potential risk of adverse drug-drug interactions. However, the availability of current cART regimens with less potential to cause drug interactions and evidence that cART improves survival rates in NHL strongly support the use of cART in PWH with DLBCL. Consequently, interdisciplinary collaboration between HIV specialists and hemato-oncologists for the management of potential interactions and overlapping toxicities between antiretroviral and antineoplastic drugs is crucial for the optimal treatment of PWH with NHL.</subfield>
   </datafield>
   <datafield tag="653" ind2=" " ind1=" ">
      <subfield code="a">Antiretroviral therapy</subfield>
   </datafield>
   <datafield tag="653" ind2=" " ind1=" ">
      <subfield code="a">Diffuse large B-cell lymphoma</subfield>
   </datafield>
   <datafield tag="653" ind2=" " ind1=" ">
      <subfield code="a">HIV</subfield>
   </datafield>
   <datafield tag="653" ind2=" " ind1=" ">
      <subfield code="a">Prognosis</subfield>
   </datafield>
   <datafield ind2="0" ind1="0" tag="245">
      <subfield code="a">Diffuse Large B-Cell Lymphoma in the HIV Setting</subfield>
   </datafield>
</record></metadata></record></GetRecord></OAI-PMH>